00555nam a22001577a 4500003000400000008004100004020001800045082001700063245010400080260006300184300001100247650008300258700001900341700001900360700001800379OSt260626b |||||||| |||| 00| 0 eng d a9788170196365 a635.21bT36P aProduction Technology of Potato and Tuber Crops/ edited by Umesh Thapa, Reva Mondal and P. Tripathy aDelhi : bToday & Tomorrow Printers and Publishers,c2019. a449 p. aechnology (Applied Sciences) | Agriculture and Related Technologies | Potatoes aThapa, Umesh  aMondal , Reva  aTripathy, P.